Interfacial Mechanics : Theories and Methods for Contact and Lubrication /

Saved in:
Bibliographic Details
Main Authors: Wang, Q. Jane (Author), Zhu, Dong (Author)
Format: Book
Language:English
Published: Boca Raton CRC Press 2020
Subjects:
Tags: Add Tag
No Tags, Be the first to tag this record!

MARC

LEADER 00000nam a22000003a 4500
001 0085366
003 SK-STU
005 20201211112414.7
007 ta
008 201211s ----xo-----e------000-0-----d
020 |a 978-1-4398-1510-6 
040 |a STU  |b slo 
041 0 |a eng 
044 |a xxu 
100 1 |a Wang, Q. Jane  |4 aut 
245 1 0 |a Interfacial Mechanics :  |b Theories and Methods for Contact and Lubrication /  |c aut. Q. Jane Wang, Dong Zhu 
260 |a Boca Raton  |b CRC Press  |c 2020 
300 |a 636 s. 
650 0 7 |a tribológia 
700 1 |a Zhu, Dong  |4 aut 
996 |b 284M088529  |c M* 14422-1  |l MMKN  |s A  |a 24  |w 0085366_0001